000 00344nam a2200133Ia 4500
008 240624s9999 xx 000 0 und d
041 _aeng
082 _a332 YAD
100 _aYADAV JITENDER
245 _aTRADER S GUIDE TO FINANCIAL MARKETS AND
260 _c2012
_aNew Delhi
_bVision Books
300 _a340 : p. : cm. ; 22
365 _cRS
_b25
999 _c23746
_d23746